000 00724nam a22002292 4500
001 0000020414
005 20151217152214.0
008 110916s xx 000 0 eng d
020 _a0853697053 :
040 _aKABU
_cKABU
245 1 0 _aClarke's analytical forensic toxicology /
_cedited by Sue Jickells, Adam Negrusz.
250 _a1st ed.
260 _aLondon :
_bPharmaceutical Press,
_c2008.
300 _axxix, 648 p. ;
_c cm.
650 0 _aForensic toxicology.
_@0000180656
650 0 _aPoisons
_xAnalysis.
_@0000180601
700 1 _aJickells, Sue.
_@0000180657
700 1 _aNegrusz, Adam.
_@0000180658
852 1 _9p6790 KES
908 _a110916
950 _@1
999 _c9319
_d9319